LEADER 01234nam1 2200385 450 001 990001204610203316 005 20091007112441.0 010 $a84-7130-939-4 035 $a000120461 035 $aUSA01000120461 035 $a(ALEPH)000120461USA01 035 $a000120461 100 $a20031020d2002----km-y0enga50------ba 101 $aspa 102 $aES 105 $a||||||||001yy 200 1 $aComentarios al codigo penal$fdirigidos por: Manuel Cobo del Rosal 210 $aMadrid$cEdersa$d[2002] 215 $av.$d25 cm 463 \1$1001990002403030203316$12001 $a<<5>> : Homicidio. Lesiones. Aborto y Manipulacion genética$earticulos 138 a 162 606 0 $aCodice penale$ySpagna 676 $a345.46002632 702 1$aCOBO DEL ROSAL,$bManuel 801 0$aIT$bsalbc$gISBD 912 $a990001204610203316 951 $aXXVI.1.D. 127 5 (CODEX 1018)$bG.$cCODEX 1018 959 $aBK 969 $aGIU 979 $aALINA$b10$c20031020$lUSA01$h1218 979 $aPATRY$b90$c20040406$lUSA01$h1726 979 $aMARIASEN$b90$c20050224$lUSA01$h1633 979 $aMARIASEN$b90$c20050224$lUSA01$h1634 979 $aRSIAV4$b90$c20091007$lUSA01$h1124 996 $aComentarios al codigo penal$9986048 997 $aUNISA LEADER 00900nam 2200289 450 001 996714208803316 005 20260312115436.0 010 $a978-88-06-18859-7 100 $a20260312d2008----km y0itay5003 ba 101 0 $aita 102 $aIT 105 $ay 00 y 200 1 $aCowboy democratici$echi sono e in cosa credono i liberal che vogliono conquistare la Casa Bianca e cambiare il mondo$fMaurizio Molinari 210 $aTorino$cEinaudi$d2008 215 $aXX, 169 p.$d21 cm 225 2 $a<> struzzi$v635 410 0$12001$a<> struzzi$v635 606 0 $aPartiti$yStati Uniti d'America$z2000-2007$2BNCF 676 $a324.2736 700 1$aMOLINARI,$bMaurizio$0140149 801 0$aIT$bcba$gREICAT 912 $a996714208803316 951 $aXVI.8. 169$b94843 G.$cXVI.8.$d372763 959 $aBK 969 $aFAVAG 996 $aCowboy democratici$94548929 997 $aUNISA